| 000 | 00853nas a2200253 4500 | ||
|---|---|---|---|
| 001 | BR7904044 | ||
| 003 | BR-BrBNA | ||
| 005 | 20231205083817.0 | ||
| 007 | ta | ||
| 008 | 230509b bl.|||p| |||| 00| 00por d | ||
| 040 |
_aBR-BrBNA _bpor _cBiblioteca Nacional de Agricultura |
||
| 041 | _a(En) | ||
| 072 | _aF60; F21 | ||
| 100 | 1 | _aScott, B. | |
| 245 | 1 | _aRecent developments in the biochemistry of nitrogen fixation in the legume - Rhizobium symbiosis [Bioquimica vegetal; Fixacao simbiotica de nitrogenio; Leguminosa] | |
| 650 | _aLEGUMINOSA | ||
| 650 | _aFIXACAO SIMBIOTICA DE NITROGENIO | ||
| 650 | _aSIMBIOSE | ||
| 650 | _aRHIZOBIUM | ||
| 650 | _aBIOQUIMICA DO SOLO | ||
| 773 | 0 |
_tCiencia e Cultura (Brazil) _xISSN 0009-6725 _g(Feb 1978), v. 30(2) p. 185-194 _wBR7904044 |
|
| 909 |
_a202311 _bLúcia _c55 _dLúcia Elande |
||
| 942 |
_2AGRIS _n0 _cANA |
||
| 999 |
_c101332 _d101332 |
||